00369nam a2200133Ia 4500008004100000100002400041245005700065250001200122260002800134300000800162650004300170942000700213999001500220190216s9999||||xx |||||||||||||| ||und|| aScnedier And Bruell 0aAdvanced Programming And Problem Solving With Pascal a2nd Ed. bJohn Wiley & Sonsc1981 a621 a"Computer Programming. Programs, Data" cBK c8798d8798